Random Stuff Quiz #1 - Multiple Choice - Statistics

General Stats
  • This quiz has been taken 47 times
    45 since last reset
  • The average score is 6 of 15
Answer Stats
Question Answer % Correct
What was the average Super Bowl ticket price in 2019? $2,500-5000
73%
Which celebrity is married to Beyoncé? JAY-Z
73%
Which character in the live-action Star Wars movies has a purple lightsaber? Mace Windu
64%
Who was the 44th president of the United States? Barack Obama
55%
Which actor portrayed Michael Scott in The Office? Steve Carell
55%
What is the capital of Iowa? Des Moines
45%
When did 2Pac get murdered? September 13, 1996
45%
How many rings did Kobe Bryant have? 5
36%
Which is part of the 5th amendment of the Constitution of the United States? Right to not incriminate yourself
36%
How many albums has Eminem released? 11
27%
How many seasons of Saturday Night Live have there been(Including this season)? 47
27%
Which soda comes from Atlanta, Georgia? Coca Cola
27%
In which country is Petra? Jordan
27%
What is Logic's real name? Bobby Tarantino
18%
How many Super Bowls have the Pittsburgh Steelers won? 6
9%
No matching quizzes found
Score Distribution
Percent of People with Each Score
Percentile by Number Answered
Your Score History
You have not taken this quiz since the last reset